| 000 | 00380nam a2200145Ia 4500 | ||
|---|---|---|---|
| 008 | 150201s2000 xx 000 0 und d | ||
| 082 |
_a617.525 _bO2000F |
||
| 100 | _aFONSECA,RAYMOND J. | ||
| 245 | _aORAL & MAXILLOFACIAL SURGERY | ||
| 250 | _aRECENT | ||
| 260 |
_bW.B.SAUNDERS PUBLICATION _aPHILADELPHIA _c2000 |
||
| 300 | _a1-706 | ||
| 650 | _aORAL SURGERY | ||
| 942 |
_2ddc _cBK _04 |
||
| 999 |
_c3555 _d3555 |
||